Člověk, práce a sebevědomí problém praxe v německé klasické filosofii

Bibliographic Details
Main Author: Sobotka, Milan, 1927- (Author)
Format: Book
Language:Czech
PhysicalDescription:201 s. 21 cm
Published: Praha Svoboda 1969
Edition:2. přeprac. vyd.
Subjects:

MARC

LEADER 00000nam a2200000 a 4500
001 vtls001269352
003 SK-MaSNL
005 20260301195347.0
008 240318s1969 xr e 00100 cze
020 |q (bviaz.) 
035 |a SNK000220394 
040 |a SNK  |b slo  |c SNK  |e AACR2 
041 0 |a cze  |b ger 
044 |a xr  |c CZ 
072 7 |a 14  |x Filozofické systémy a hľadiská  |2 konspekt 
080 |a 14(430)  |2 2011 
080 |a (048.8)  |2 2011 
100 1 |a Sobotka, Milan,  |d 1927-  |4 aut  |9 285794 
245 1 0 |a Člověk, práce a sebevědomí  |b problém praxe v německé klasické filosofii  |c Milan Sobotka 
246 3 0 |a Problém praxe v německé klasické filosofii 
250 |a 2. přeprac. vyd. 
260 |a Praha  |b Svoboda  |c 1969 
300 |a 201 s.  |c 21 cm 
504 |a Bibliogr. odkazy ; reg. 
546 |a Nemecké resumé 
650 0 7 |a nemecký klasický idealizmus  |2 SNKPH  |9 87935 
650 0 7 |a nemecká klasická filozofia  |2 SNKPH  |9 67364 
650 0 7 |a German philosoph  |2 SNKPHeng  |9 365914 
650 0 7 |a German idealism  |2 SNKPHeng  |9 573802 
655 7 |a monografie  |2 SNKPH  |9 70139 
655 7 |a Monographs  |2 SNKPHeng  |9 120675 
852 |a Štátna vedecká knižnica v Banskej Bystrici 
958 |a OND 
999 |c 885313  |d 887243 
952 |t P60, <04>, [BOOK], {604}  |a SNK  |b SNK  |y VYP  |7 0  |p 17A0026179  |o snkID 48557 D1  |0 0  |1 1  |4 0  |d 1996-12-06  |l 0  |r 2005-01-01 00:00:00  |w 2026-02-24